00231nam a2200097Ia 4500008004100000100001300041245003500054260002200089300000900111650001300120190216s9999||||xx |||||||||||||| ||und|| aMohsin M 0aFinancial Planning And Control bKalyani Pubc1977 a280p aCommerce